000 00300nam a2200145Ia 4500
100 _aCrouse/William H
942 _cBK
654 _aEngines
245 _aAutomotive Engines
260 _bMcGraw Hill
_aNewyork
_c1959
082 _a629.25
_bCRO
300 _a518
546 _aENGLISH
999 _c17982
_d17982